| 000 | 01077nam a2200205Ia 4500 | ||
|---|---|---|---|
| 003 | OSt | ||
| 005 | 20241011145142.0 | ||
| 007 | ca aa aaaaa | ||
| 008 | 201103s9999 xx 000 0 und d | ||
| 040 | _cSSBUL | ||
| 041 | _abur | ||
| 082 |
_223 _a၂၉၄.၃၄၃၅၀၉ မင်း _b၉၂၉၃ S-SAT |
||
| 245 | 0 | 0 | _aမင်းဘူးမြို့သမိုင်းဝင် ရှင်ပင်စက္ကိန်းတဲ စေတီတော်သမိုင်း။ |
| 260 |
_aမင်းဘူး ၊ _bရှင်ပင်စက္ကိန်းတဲဘဏ္ဍာတော်ထိန်းဂေါပကအဖွဲ့၊ _c[ခုနှစ်မပါ]။ |
||
| 300 |
_a၈၇ စာမျက်နှာ ၊ _bဓါတ်ပုံများ ၊ _c၁၆ စင်တီ။ |
||
| 500 | _aS-SAT: Dr. Sai Aung Tun | ||
| 650 |
_aစေတီပုထိုး _zမင်းဘူးမြို့ _955049 |
||
| 650 |
_aရှင်ပင်စက္ကိန်းတဲစေတီ _xသမိုင်း _955050 |
||
| 942 |
_2ddc _cBK1 |
||
| 999 |
_c16744 _d16744 |
||